| 000 | 01165cas a2200349 i 4500 | ||
|---|---|---|---|
| 999 |
_c200451119 _d69331 |
||
| 001 | 200451119 | ||
| 003 | TR-AnTOB | ||
| 005 | 20230727165821.0 | ||
| 007 | ta | ||
| 008 | 991025s2002 tu 00000 tur d | ||
| 020 | _a9756918829 (2002) | ||
| 020 | _a9756918942 (2003) | ||
| 035 | _a(TR-AnTOB)200451119 | ||
| 040 |
_aTR-AnTOB _beng _erda _cTR-AnTOB |
||
| 041 | 0 | _atur | |
| 050 | 4 |
_aHC79.C63 _bY5 |
|
| 090 |
_aHC79.C63 _bY5 |
||
| 245 | 0 | 0 | _aYılı faaliyet raporu. |
| 264 | 1 |
_aAnkara : _bT.C. Sanayi ve Ticaret Bakanlığı Tüketicinin ve Rekabetin Korunması Genel Müdürlüğü, _c1997. |
|
| 300 |
_avolmues ; _c28 cm |
||
| 336 |
_atext _btxt _2rdacontent |
||
| 337 |
_aunmediated _bn _2rdamedia |
||
| 338 |
_avolume _bnc _2rdacarrier |
||
| 490 | 0 |
_aT.C. Sanayi ve Ticaret Bakanlığı Tüketicinin ve Rekabetin Korunması Genel Müdürlüğü ; _vyayın no: 115, 128 |
|
| 504 | _aBIB | ||
| 610 | 1 | 0 |
_aTurkey. _bSanayi ve Ticaret Bakanlığı _9130427 |
| 650 | 0 |
_aTüketicinin korunması _zTürkiye _9120735 |
|
| 710 | 1 |
_aTurkey. _bSanayi ve Ticaret Bakanlığı _9130427 |
|
| 942 |
_2lcc _cCR |
||